| Tag |
First Indicator |
Second Indicator |
Subfields |
| LEADER |
00000cam a2200000 4500 |
| 001 |
in00001925165 |
| 006 |
m | d | |
| 007 |
cr |n||||||||n |
| 008 |
791208s1780 enk|||| s 00||||eng d |
| 005 |
20260414171936.1 |
| 035 |
|
|
|a (CStRLIN)ESTCT71715
|
| 040 |
|
|
|a Uk-ES
|c Uk-ES
|d CStRLIN
|d Thomson Gale
|d UtOrBLW
|
| 130 |
0 |
|
|a History of the King and Cobler.
|
| 245 |
1 |
4 |
|a The history of the king and cobler.
|
| 264 |
|
3 |
|a [Derby?] :
|b Printed for the travelling stationers [by J. Drewry?],
|c [1780?]
|
| 300 |
|
|
|a 23, 1 unnumbered page;24p :
|b illustrations ;
|c 8⁰.
|
| 336 |
|
|
|a text
|b txt
|2 rdacontent
|
| 337 |
|
|
|a computer
|b c
|2 rdamedia
|
| 338 |
|
|
|a online resource
|b cr
|2 rdacarrier
|
| 500 |
|
|
|a In two parts.
|
| 500 |
|
|
|a Advertisement on page [24] of the first part: "At J. Drewry's shop, .. Derby, .. ".
|
| 500 |
|
|
|a Reproduction of original from the British Library.
|
| 510 |
4 |
|
|a English Short Title Catalog,
|c ESTCT71715.
|
| 533 |
|
|
|a Electronic reproduction.
|b Farmington Hills, Mich. :
|c Thomson Gale,
|d 2003.
|n Available via the World Wide Web.
|n Access limited by licensing agreements
|7 s2003 miunns
|
| 500 |
|
|
|a Electronic resource.
|
| 830 |
|
0 |
|a Eighteenth century collections online.
|
| 856 |
4 |
0 |
|u http://proxy.library.tamu.edu/login?url=https://galenet.galegroup.com/servlet/ECCO?c=1&stp=Author&ste=11&af=BN&ae=T071715&tiPG=1&dd=0&dc=flc&docNum=CW114727250&vrsn=1.0&srchtp=a&d4=0.33&n=10&SU=0LRK&locID=txshracd2898
|z Full text online
|t 0
|
| 999 |
|
|
|a MARS
|
| 999 |
f |
f |
|s 7f4b8685-7ae5-3c9e-8141-db398637ea38
|i 964d7ed8-1cfc-3659-a6bd-fce56496785c
|t 0
|
| 952 |
f |
f |
|a Texas A&M University
|b College Station
|c Electronic Resources
|s www_evans
|d Available Online
|t 0
|h No information provided
|
| 998 |
f |
f |
|t 0
|l Available Online
|